Autorreporte del bienestar socioemocional: para niños-as de prekinder a 2§ básico

Kaydedildi:
Detaylı Bibliyografya
Asıl Yazarlar: Lira L., María Isabel (autora), Edwards G., Marta (Yazar), Hurtado E., Marta (Yazar), Seguel R., Ximena (Yazar)
Materyal Türü: Kitap
Dil:İspanyolca
Baskı/Yayın Bilgisi: Santiago Universidad Católica de Chile 2005
Edisyon:1a. ed
Seri Bilgileri:Aprendizaje
Konular:
Etiketler: Etiketle
Etiket eklenmemiş, İlk siz ekleyin!

MARC

LEADER 00000nam a2200000 a 4500
001 UCK7339
003 CL-VaPUC
008 051118e20050000CL |||||||||||||||||spa|d
020 |a 9561408260 
082 0 4 |a 155.4  |b LIR  |2 21 
100 |a Lira L., María Isabel  |e autora  |9 496847 
700 0 |a Edwards G., Marta  |e author  |9 496848 
700 0 |a Hurtado E., Marta  |e author  |9 496849 
700 0 |a Seguel R., Ximena  |e author  |9 496850 
245 1 0 |a Autorreporte del bienestar socioemocional: para niños-as de prekinder a 2§ básico 
250 |a 1a. ed 
300 |a 80 p 
942 |c BK 
945 |d 20051118 00:00:00  |a cmena 
260 |a Santiago  |b Universidad Católica de Chile  |c 2005 
500 |a Incluye cuadernillo de aplicación para niños 
650 0 |a Psicología del niño  |9 307305 
650 0 |a Trastornos del comportamiento  |9 311363 
650 0 |a Habilidades sociales  |9 313040 
650 0 |a Socialización  |9 309940 
650 0 |a Emociones   |9 265224 
583 |a last modification  |c 20051118 00:00:00  |k Rodrigo Vera 
490 0 |a Aprendizaje 
999 |c 315324  |d 315322 
952 |0 0  |1 0  |4 0  |6 155_400000000000000_LIR_2005  |7 0  |8 A  |9 388427  |a BIBEDU  |b BIBEDU  |d 2019-11-22  |i 418291K  |o 155.4 LIR 2005  |p 418291K  |r 2019-11-22  |w 2019-11-22  |y BK  |k EBA 
952 |0 0  |1 0  |4 0  |6 155_400000000000000_LIR_2005  |7 0  |8 A  |9 388428  |a BIBEDU  |b BIBEDU  |d 2019-11-22  |i 4633458  |l 1  |o 155.4 LIR 2005  |p 4633458  |r 2022-08-30  |s 2022-08-22  |w 2019-11-22  |y BK  |k EBA